Central Library OPAC University of Rajshahi

The uncommon man; (Record no. 14702)

MARC details
000 -LEADER
fixed length control field 00737cam a22002531 4500
001 - CONTROL NUMBER
control field 14702
003 - CONTROL NUMBER IDENTIFIER
rucl marc code BD-RjUL
005 - DATE AND TIME OF LATEST TRANSACTION
control field 20211208235657.0
008 - FIXED-LENGTH DATA ELEMENTS--GENERAL INFORMATION
fixed length control field 140208s1959 nyu 000 0 eng
035 ## - SYSTEM CONTROL NUMBER
System control number (BD-RjUL)14756
040 ## - CATALOGING SOURCE
Original cataloging agency DLC
Transcribing agency DLC
Modifying agency DLC
-- BD-RjUL
Language of cataloging eng
041 ## - LANGUAGE CODE
Language code of text/sound track or separate title eng
082 00 - DEWEY DECIMAL CLASSIFICATION NUMBER
Classification number 658.04
Author mark and year GRU
100 1# - MAIN ENTRY--PERSONAL NAME
Personal name Greenewalt, Crawford H.,
Dates associated with a name 1902-1993.
9 (RLIN) 45819
245 14 - TITLE STATEMENT
Title The uncommon man;
Remainder of title the individual in the organization /
260 ## - PUBLICATION, DISTRIBUTION, ETC. (IMPRINT)
Place of publication, distribution, etc. New York :
Name of publisher, distributor, etc. McGraw-Hill,
Date of publication, distribution, etc. 1959.
300 ## - PHYSICAL DESCRIPTION
Pagination 142 p. ;
Size 21 cm.
490 0# - SERIES STATEMENT
Series statement McKinsey Foundation lecture series, 1958
650 #0 - SUBJECT ADDED ENTRY--TOPICAL TERM
Topical term or geographic name as entry element Executives.
9 (RLIN) 45820
Topical term or geographic name as entry element Businesspeople
Geographic subdivision United States.
9 (RLIN) 42254
942 ## - ADDED ENTRY ELEMENTS (KOHA)
Source of classification or shelving scheme Dewey Decimal Classification
Koha item type Books
Holdings
Lost status Source of classification or shelving scheme Damaged status Not for loan Collection code Permanent Location Current Location Shelving location Date acquired Source of acquisition Cost, normal purchase price Total Checkouts Full call number Date last seen Copy number Koha item type
  Dewey Decimal Classification   Not For Loan Non-fiction Central Library, University of Rajshahi Central Library, University of Rajshahi Reading Room 31/01/1963 Zeitlinger 31.00   658.04 GRU 1959 08/02/2014 C-1 Books
  Dewey Decimal Classification     Non-fiction Central Library, University of Rajshahi Central Library, University of Rajshahi   31/01/2063 Zeitlinger 31.00   658.04 GRU 1959 08/02/2014 C-2 Books
  Dewey Decimal Classification     Non-fiction Central Library, University of Rajshahi Central Library, University of Rajshahi   17/08/1965 Unknown.     658.04 GRU 1959 23/02/2014 C-3 Books